000 00404nam a2200169Ia 4500
008 230524s9999 xx 000 0 und d
020 _a8176350109
082 _a5.133
_bHER
100 _aEric Herrmann
245 0 _aCGI Programming with Pearl 5
250 _a1ST
260 _aNEW DELHI
_bTechmedia
_c2008
300 _aXII;545
500 _aQuantity Number: 5
650 _aComp-Sc
942 _cBK
999 _c38927
_d38927